000 00347nam a22001337a 4500
008 181205b xxu||||| |||| 00| 0 eng d
020 _a9780201791112
041 _aeng
080 _23rd
_a510
100 _a36
101 _aMAT
245 _aA Graphical Approach to College Algebra and Trigonometry and Precalculus
_cHornsby,J
942 _2udc
_cBK
999 _c52871
_d52871